000 00316nam a2200133Ia 4500
008 231129s1965||||xx |||||||||||||| ||spa||
040 _bspa
082 _aCo863 B242p
100 _aBarco de Valderrama Lucy
245 0 _aLa picua ceba : novela
260 _c1965
264 _aEdiciones Lerner
942 _2ddc
_cBKS
999 _c17920
_d17920